Statistics for British Acronyms

Click here to take the quiz!

General Stats

  • This quiz has been taken 39,481 times
    (33,174 since last reset)
  • The average score is 35 of 52

Answer Stats

AcronymWord% Correct
UKKingdom
100%
UKUnited
100%
BBCBritish
96%
BPBritish
96%
OBEBritish
96%
PMMinister
94%
PMPrime
94%
BBCBroadcasting
93%
GBGreat
92%
GBBritain
91%
RAFAir
84%
SASAir
84%
RAFRoyal
84%
RAFForce
83%
SNPNational
83%
NHSNational
83%
NHSService
80%
SASService
80%
HMSHis
78%
IRAIrish
78%
MPParliament
77%
NHSHealth
76%
IRAArmy
71%
TAArmy
71%
MPMember
71%
HMSMajesty's
69%
VATTax
66%
BBCCorporation
65%
IRARepublican
63%
OEDEnglish
62%
EPLEnglish
62%
OBEEmpire
60%
HMSShip
60%
BPPetroleum
59%
HoCHouse
58%
OBEOrder
58%
VATAdded
57%
VATValue
57%
SNPParty
55%
HoCCommons
54%
EPLLeague
54%
SNPScottish
53%
SASSpecial
50%
EPLPremier
48%
VCVictoria
41%
LSELondon
37%
VCCross
36%
LSESchool
35%
LSEEconomics
34%
OEDDictionary
31%
OEDOxford
31%
TATerritorial
30%

Score Distribution

Percentile by Number Answered

Percent of People with Each Score

Your Score History

You have not taken this quiz since the last reset